| 000 | 01596nam a2200349 c 4500 | ||
|---|---|---|---|
| 001 | 59408 | ||
| 003 | CO-BoRNBP | ||
| 005 | 20251008213812.0 | ||
| 007 | ta | ||
| 008 | 250201s2025 ck a ||cr ||| 00| 0dspa d | ||
| 020 | _a9786287687165 | ||
| 040 |
_aCO-BoRNBP _bspa _erda _cCO-BoRNBP |
||
| 041 | 0 | _aspa | |
| 082 | 0 | 4 |
_a598 _bC14g _223 |
| 100 |
_aCajiao, Javier _eaut _934670 |
||
| 245 | 1 | 0 |
_aGuía secreta de aves / _cJavier Cajiao ; ilustrador Julián Ariza. |
| 250 | _aEdición especial | ||
| 264 | 1 |
_aBogotá, Colombia : _bPenguin Random House, _c2025 |
|
| 300 |
_a53 páginas : _bilustraciones a color |
||
| 336 |
_atexto _btxt _2rdacontent |
||
| 337 |
_asin mediación _bn _2rdamedia |
||
| 338 |
_avolumen _bnc _2rdacarrier |
||
| 520 | _aEn esta particular guía de aves conocerás a algunas de las especies más extraordinarias de América, desde los cucaracheros que anidan en los parques de tu ciudad hasta los colibríes que se ocultan en lo profundo de la selva amazónica. Esta no es solo una guía para pajarear, es tu primera salida para avistar aves, un recorrido en el que con solo pasar una página ellas te contarán todos sus secretos | ||
| 521 | _aRecomendado para un público mayor de 10 años | ||
| 545 | _aIncluye datos biográficos del autor y del ilustrador | ||
| 650 | 0 | 7 |
_aAves _xClasificación _xLiteratura infantil _2lemb _965490 |
| 650 | 0 | 7 |
_aAves _xDistribución geográfica _2lemb _965491 |
| 650 | 0 | 7 |
_aAves _xHábitos y conducta _2lemb _965492 |
| 650 | 0 | 7 |
_aObservación de aves _2lemb _965493 |
| 700 |
_aAriza, Julián, _d1994- , _eill _965494 |
||
| 942 |
_2ddc _cBKINF |
||
| 999 |
_c59408 _d59408 |
||